| 000 | 01449aam a2200361 i 4500 | ||
|---|---|---|---|
| 999 |
_c27054 _d27026 |
||
| 001 | 015103323 | ||
| 003 | Uk | ||
| 005 | 20190130140233.0 | ||
| 008 | 090225t2009 enka frb 001 0 eng d | ||
| 020 | _a9781107635715 | ||
| 020 | _a0521832942 | ||
| 040 |
_aStDuBDS _beng _cStDuBDS _dUK _dEG-ScBUE |
||
| 082 | 0 | 4 |
_a621.395 _222 _bTAU |
| 100 | 1 | 0 |
_aTaur, Yuan, _d1946- _99288 |
| 245 | 1 | 0 |
_aFundamentals of modern VLSI devices / _cYuan Taur, Tak H. Ning. |
| 250 | _a2nd edition. | ||
| 264 | 1 |
_aUnited Kingdom, Cambridge : _bCambridge University Press, _cc.2009. |
|
| 300 |
_axxiii, 656 pages : _billustrations ; _c26 cm. |
||
| 336 |
_atext _2rdacontent |
||
| 337 |
_aunmediated _2rdamedia |
||
| 338 |
_avolume _2rdacarrier |
||
| 500 |
_aFormerly CIP. _5Uk |
||
| 504 | _aIncludes bibliographical references and index. | ||
| 650 | 7 |
_2BUEsh _aMetal oxide semiconductors, Complementary. |
|
| 650 | 7 |
_2BUEsh _aBipolar transistors. _99290 |
|
| 650 | 7 |
_2BUEsh _aIntegrated circuits _xVery large scale integration. |
|
| 700 | 1 |
_aNing, Tak H., _d1943- _99292 |
|
| 856 | 4 | 2 |
_3Contributor biographical information _uhttp://www.loc.gov/catdir/enhancements/fy0906/2009007334-b.html |
| 856 | 4 | 2 |
_3Publisher description _uhttp://www.loc.gov/catdir/enhancements/fy0906/2009007334-d.html |
| 856 | 4 | 1 |
_3Table of contents only _uhttp://www.loc.gov/catdir/enhancements/fy0906/2009007334-t.html |
| 942 |
_2ddc _cBB |
||